LEADER 01014nam0-22002651i-450 001 990005771330403321 005 20180704132311.0 035 $a000577133 100 $a19990604d1931----km-y0itay50------ba 101 0 $aita 105 $ay-------001yy 200 1 $aAtti e memorie della Accademia di agricoltura, scienze e lettere di Verona$eserie V-Volume VIII (CVIII. dell'intera collezione) 210 $aVerona$cLa Tipografica Veronese$d1931 215 $aXVI, 282 p.$d25 cm 300 $aContiene: La pieve rurale: ricerche sulla storia della Costituzione della Chiesa in Italia e particolarmente nel veronese / Giuseppe Forchielli 676 $a055 676 $a060 710 02$aAccademia di agricoltura scienze e lettere di Verona$063895 801 0$aIT$bUNINA$gRICA$2UNIMARC 901 $aBK 912 $a990005771330403321 952 $a060 ATTI 1$bIST.GLOTT. S.I.$fFLFBC 959 $aFLFBC 996 $aAtti e memorie della Accademia di agricoltura, scienze e lettere di Verona$91506803 997 $aUNINA LEADER 01926oam 2200529M 450 001 9910716197703321 005 20200213070856.3 035 $a(CKB)5470000002518133 035 $a(OCoLC)1065580139 035 $a(OCoLC)995470000002518133 035 $a(EXLCZ)995470000002518133 100 $a20071213d1926 ua 0 101 0 $aeng 135 $aurcn||||||||| 181 $ctxt$2rdacontent 182 $cc$2rdamedia 183 $acr$2rdacarrier 200 10$aBridge across the Mississippi River, Minneapolis, Minn. May 17 (calendar day, May 19), 1926. -- Ordered to be printed 210 1$a[Washington, D.C.] :$c[U.S. Government Printing Office],$d1926. 215 $a1 online resource (2 pages) 225 1 $aSenate report / 69th Congress, 1st session. Senate ;$vno. 854 225 1 $a[United States congressional serial set ] ;$v[serial no. 8526] 300 $aBatch processed record: Metadata reviewed, not verified. Some fields updated by batch processes. 300 $aFDLP item number not assigned. 517 $aBridge across the Mississippi River, Minneapolis, Minn. May 17 606 $aBridge construction industry 606 $aBridges$xDesign and construction 606 $aBridges 606 $aLegislative amendments 606 $aToll bridges 608 $aLegislative materials.$2lcgft 615 0$aBridge construction industry. 615 0$aBridges$xDesign and construction. 615 0$aBridges. 615 0$aLegislative amendments. 615 0$aToll bridges. 701 $aBingham$b Hiram$f1875-1956$pRepublican (CT)$0463205 801 0$bWYU 801 1$bWYU 801 2$bOCLCO 801 2$bOCLCQ 801 2$bOCLCO 801 2$bOCLCQ 906 $aBOOK 912 $a9910716197703321 996 $aBridge across the Mississippi River, Minneapolis, Minn. May 17 (calendar day, May 19), 1926. -- Ordered to be printed$93505371 997 $aUNINA